00301 a2200133 450000100060000002000180000604000220002410000320004624000250007824500230010330000080012636200090013465000240014368406 a9786556132587 cAnchieta - Pituba aSantos, Mariana Marques dos10aHistória 9º anol10aHistória 9º ano a2560 a2023 4aHistória do mundo